LEADER 01404nam0 22003253i 450 001 FER0116163 005 20231121125502.0 100 $a20181211d1978 ||||0itac50 ba 101 | $aita 102 $ait 181 1$6z01$ai $bxxxe 182 1$6z01$an 200 1 $aSecta temporum meorum$erinnovamento politico e legislazione fiscale agli inizi del principato di Gordiano 3.$fTullio Spagnuolo Vigorita 210 $aPalermo$cSophia$d1978 215 $a167 p.$d24 cm. 225 | $aKleiò$v3 410 0$1001CFI0040830$12001 $aKleiò$v3 606 $aGordiano $xAttività legislativa$2FIR$3BVEC266303$9N 606 $aGordiano $xPolitica fiscale$2FIR$3SBLC068139$9N 676 $a340.54$9Diritto romano.$v22 676 $a937.07$9Storia del mondo antico, fino al 499 ca. Penisola italiana e territori limitrofi, fino al 476. Primo periodo e periodo intermedio, 31 a. C.-284.$v22 700 1$aSpagnuolo Vigorita$b, Tullio$3CFIV051434$4070$0164236 801 3$aIT$bIT-01$c20181211 850 $aIT-FR0017 899 $aBiblioteca umanistica Giorgio Aprea$bFR0017 $eN 912 $aFER0116163 950 0$aBiblioteca umanistica Giorgio Aprea$d 52DLM L /C /37$e 52DUP0009017105 VMB RS $fA $h20181211$i20181211 977 $a 52 996 $aSecta temporum meorum$9650017 997 $aUNICAS